000 00390nam a2200169Ia 4500
005 20250425063442.0
008 240331s9999 xx 000 0 und d
020 _a9559263226
082 _bDES
_a891
100 _aDe Silva,A
245 0 _aSukara wasthuwa
260 _aColombo
_bRuhunu Book Publishers
_c1999
300 _a142 p .,
650 _aWomen
650 _aViolence
942 _cL
999 _c4851
_d4851